Metalcore Bands - Statistics

General Stats
  • This quiz has been taken 263 times
  • The average score is 15 of 24
Answer Stats
Hint Answer % Correct
Can You Feel My Heart, Throne, Drown Bring Me The Horizon
94%
Tears Don't Fall, Your Betrayal, Hearts Burst Into Fire Bullet for My Valentine
90%
Popular Monster, The Drug in Me is You, Losing My Mind Falling in Reverse
86%
Hail to the King, Nightmare, Afterlife Avenged Sevenfold
85%
Doomsday, Seeing Red, Animals Architects
84%
Another Life, Disguise, Soft Motionless in White
76%
Glass Houses, Dethrone, Just Pretend Bad Omens
75%
Blank Space, Bow Down, Hurricane I Prevail
75%
The Summoning, Chokehold, Gods Sleep Token
75%
Alone in a Room, Not the American Average, Psycho Asking Alexandria
73%
If It Means a Lot to You, All I Want, The Downfall of Us All A Day to Remember
66%
Holy Roller, Jaded, Hurt You Spiritbox
65%
Prey, Vice Grip, Glitch Parkway Drive
61%
In Between, Hated, Disease Beartooth
60%
The Heart From Your Hate, Until the World Goes Cold, In Waves Trivium
59%
Counting Worms, God Knows, Mistakes Like Fractures Knocked Loose
58%
Manic, The River, True Colors Wage War
54%
Would You Still Be There, Obsolete, Bones Exposed Of Mice & Men
52%
Salt, Chemical, Watchtower The Devil Wears Prada
43%
Neon Grave, Burial Plot, Sleeptalk Dayseeker
38%
Misery, Make Believe, Bleed Me Dry Memphis May Fire
36%
Is It Really You?, Gehenna, Two-Way Mirror Loathe
29%
Writing On The Walls, Reinventing Your Exit, Rapture Underoath
28%
Mad At Myself, King of Amarillo, Drink About It Issues
15%
No matching quizzes found
Score Distribution
Percent of People with Each Score
Percentile by Number Answered
Your Score History
You have not taken this quiz